|
|
|
|
| LEADER |
00000nab a2200000 a 4500 |
| 001 |
vtls000777861 |
| 003 |
SK-MaSNL |
| 005 |
20260302152843.0 |
| 008 |
160322c2001 xo 0 cze |
| 015 |
|
|
|a SNBRB2001/12-35366
|
| 035 |
|
|
|a CLN000129642
|
| 040 |
|
|
|a SNKBUCL
|b slo
|c SNKBUCL
|e AACR2
|
| 041 |
0 |
|
|a cze
|
| 044 |
|
|
|a xo
|c SK
|
| 080 |
|
|
|a 78.071.1
|2 UDC-MRF-SK2
|
| 080 |
|
|
|a 929 Hrušovský, Ivan
|2 UDC-MRF-SK2
|
| 100 |
0 |
|
|a jv
|4 aut
|9 842955
|
| 245 |
1 |
0 |
|a Za profesorem Ivanem Hrušovským
|c [autor] JV
|
| 300 |
|
|
|b Fotogr.
|
| 600 |
1 |
7 |
|a Hrušovský, Ivan,
|d 1927-2001
|2 snkbucl
|9 97843
|
| 655 |
|
7 |
|a články z novín a časopisov
|2 snkbucl
|9 267496
|
| 773 |
0 |
|
|x 1335-549X
|t Česká beseda
|g Roč. 7, č. 11 (2001), s. 10
|
| 850 |
|
|
|a Slovenská národná knižnica v Martine
|
| 852 |
|
|
|a SNK
|b KIS3GCP
|
| 958 |
|
|
|a SK
|
| 958 |
|
|
|a BX
|
| 958 |
|
|
|a RBX
|
| 999 |
|
|
|c 1363687
|d 1365617
|